000 03189cam a2200421 a 4500
001 15490003
005 20090504110541.0
008 081016s2008 njua b 001 0 eng
010 _a 2008043267
020 _a013502613X
020 _a9780135026137
035 _a(DNLM)101486837
040 _aDNLM/DLC
_cDLC
_dDLC
042 _apcc
050 0 0 _aT55
_b.G5848 2008
082 0 0 _a363.11
_222
_bGOE
100 1 _aGoetsch, David L.
_920082
245 1 4 _aThe Basics of Occupational Safety /
_cDavid L. Goetsch.
260 _aUpper Saddle River, N.J. :
_bPrentice Hall,
_cc2010.
300 _axiv, 514 p. :
_bill. ;
_c24 cm.
504 _aIncludes bibliographical references and index.
505 0 _aSafety and health movement : an overview -- Accidents and their effects -- Theories of accident causation -- Roles and professional certifications for safety and health professionals -- The OSH Act, standards, and liability -- Workers' compensation -- Accident investigation and reporting -- Ergonomic hazards : musculoskeletal disorders (MSDs) and cumulative trauma disorders (CTDs) -- Stress and safety -- Mechanical hazards and machine safeguarding -- Falling, impact, acceleration, lifting, and vision hazards -- Hazards of temperature extremes -- Pressure hazards -- Electrical hazards -- Fire hazards and life safety -- Industrial hygiene and confined spaces -- Violence in the workplace -- Noise and vibration hazards -- Preparing for emergencies and terrorism -- Bloodborne pathogens in the workplace.
541 _aBacca ;
650 0 _aIndustrial safety.
_920083
650 0 _aIndustrial hygiene.
_920084
650 1 2 _aOccupational Health
_zUnited States.
_920085
650 2 2 _aAccidents, Occupational
_xprevention & control
_zUnited States.
_920086
650 2 2 _aOccupational Diseases
_xprevention & control
_zUnited States.
_920087
650 2 2 _aSafety Management
_xmethods
_zUnited States.
_920088
942 _2ddc
_cBB
999 _c14750
_d14750